| 000 | 00810nam a22002057a 4500 | ||
|---|---|---|---|
| 003 | AUA.1 | ||
| 005 | 20260312191339.0 | ||
| 008 | 260312b |||||||| |||| 00| 0 eng d | ||
| 020 | _a9780925675613 (vol.1) | ||
| 040 | _cJTL | ||
| 050 |
_aBT111.3 _b.R48 2025 |
||
| 245 |
_aRevisiting the Trinity : _bBiblical, theological, and historical reflections / _c[edited by Alberto R. Timm. |
||
| 260 |
_aSilver Spring, Maryland : _bBiblical Research Institute, _cc2025. |
||
| 300 |
_axiii, 512 pages : _billustrations, _c24 cm. |
||
| 490 |
_aBiblical Research Institute studies on the Trinity _vVolume 1 |
||
| 650 |
_aTrinity _xHistory of Doctrines |
||
| 650 |
_aTrinity _vBiblical teaching _xDoctrinal Theology |
||
| 700 |
_aTimm, Alberto R. _eeditor _917364 |
||
| 942 |
_2lcc _cBOOK _hBT 111.3 _i.R48 2025 |
||
| 999 |
_c25321 _d25321 |
||